[Event "47th Doeberl Cup Premier"]
[Site "Canberra AUS"]
[Date "2009.04.11"]
[Round "6"]
[White "Quick,S"]
[Black "Dalton,S"]
[Result "1-0"]
[WhiteElo "2197"]
[BlackElo "1932"]

1.Nf3 d5 2.d4 Nf6 3.c4 c6 4.Nc3 dxc4 5.a4 Bf5 6.e3 e6 7.Bxc4 Nbd7 8.O-O Bb4
9.Qe2 Bg6 10.Bd2 O-O 11.Rfd1 Qe7 12.a5 Bh5 13.a6 b6 14.e4 e5 15.d5 Bxc3 16.Bxc3 cxd5
17.Bxd5 Nxd5 18.Rxd5 f6 19.Rad1 Rfd8 20.Qd2 Be8 21.Ne1 Rac8 22.Nc2 h6 23.Ne3 Rc7
24.Nf5 Qe6 25.h3 Kh7 26.Kh2 Bg6 27.Nd6 Nc5 28.Nb5 Rcd7 29.f3 Qf7 30.Nd6 Qe6
31.Nb7 Rxd5 32.exd5 Qe7 33.Nxd8 Qxd8 34.Qe2 Qd6 35.Bb4 e4+ 36.Kh1 exf3 37.Qxf3 Qe5
38.Bxc5 bxc5 39.d6 Be4 40.Qxe4+ Qxe4 41.d7  1-0

[Event "80th Viktor Kart Jubilee"]
[Site "Lvov UKR"]
[Date "2009.04.11"]
[Round "1"]
[White "Kozakov,M"]
[Black "Oleksienko,M"]
[Result "0-1"]
[WhiteElo "2457"]
[BlackElo "2550"]

1.d4 d5 2.Nf3 Nf6 3.c4 c6 4.Nc3 dxc4 5.a4 Bf5 6.e3 e6 7.Bxc4 Bb4 8.O-O O-O
9.Qe2 Bg6 10.e4 Bxc3 11.bxc3 Nxe4 12.Ba3 Re8 13.Qe3 Nd7 14.Bb3 b5 15.Rfe1 a5
16.h4 Nef6 17.Ne5 Nxe5 18.Qxe5 b4 19.Bb2 Qb8 20.Rac1 bxc3 21.Rxc3 Nd5 22.Qxb8 Raxb8
23.Bxd5 cxd5 24.Ba3 Rec8 25.Rec1 Rxc3 26.Rxc3 h6 27.Kh2 Rb1 28.Bd6 Ra1 29.Ra3 Rc1
30.Be5 Rc4 31.Rg3 h5 32.Rb3 f6 33.Rb8+ Kh7 34.Bd6 Rxd4 35.Rb7 Rxh4+ 36.Kg1 Rxa4
37.Bf8 Bf7 38.Rxf7 Kg8 39.Re7 Kxf8 40.Rxe6 Ra1+ 41.Kh2 a4 42.Rd6 Rd1 43.Ra6 Rd4
44.Kg3 Kf7 45.Kf3 g5 46.Ke3 Rg4 47.g3 h4 48.gxh4 gxh4  0-1

[Event "11th European Senior Team"]
[Site "Velden AUT"]
[Date "2009.04.13"]
[Round "9"]
[White "Nautsch,W"]
[Black "Lieb,H"]
[Result "1-0"]
[WhiteElo "2273"]
[BlackElo "2247"]

1.d4 d5 2.c4 c6 3.Nf3 Nf6 4.Nc3 dxc4 5.a4 Bf5 6.e3 e6 7.Bxc4 Bb4 8.O-O Nbd7
9.Qe2 Bg6 10.Bd2 Nb6 11.Bb3 a5 12.Ne5 Nbd7 13.Nxg6 hxg6 14.Rad1 Qb6 15.Bc4 c5
16.Nb5 cxd4 17.exd4 Bxd2 18.Rxd2 Kf8 19.Re1 Rh5 20.Qf3 Qc6 21.Be2 Rf5 22.Qa3+ Kg8
23.Bf3 Nd5 24.Qd6 N7b6 25.b3 Qc8 26.Bg4 Rf6 27.g3 g5 28.Qe5 Nd7 29.Qe2 Nc3
30.Qd3 Nxb5 31.Qxb5 Qc6 32.Qxg5 Qc3 33.Qe3 Qc6 34.Rdd1 Nb6 35.Rc1 Qd6 36.Bf3 Nd5
37.Bxd5 Qxd5 38.Rc5 Qd7 39.Rec1 b6 40.Rc6 Rb8 41.Qe5 Rd8 42.Rxb6 Rf5 43.Qe3 Rd5
44.Rc4 Qa7 45.Rbc6 Rxd4 46.Rxd4 Rxd4 47.Rd6 e5 48.Qxe5 Rxd6 49.Qxd6 Qb7 50.Qd8+ Kh7
51.Qxa5 Qxb3 52.Qh5+ Kg8 53.a5 g6 54.Qe2 Qb1+ 55.Qf1 Qa2 56.a6 Qa4 57.Qd3 Kg7
58.Qc3+ Kh7 59.Qf6 Qd1+ 60.Kg2  1-0

[Event "ch-MGL"]
[Site "Ulan Bator MGL"]
[Date "2009.04.17"]
[Round "12"]
[White "Tuvsanaa,N"]
[Black "Oyunbaatar,T"]
[Result "1-0"]
[WhiteElo "2301"]
[BlackElo "2306"]

1.d4 d5 2.c4 c6 3.Nf3 Nf6 4.Nc3 dxc4 5.a4 Bf5 6.Ne5 Nbd7 7.Nxc4 Nb6 8.Ne5 a5
9.f3 Nfd7 10.Nxd7 Nxd7 11.e4 Bg6 12.Be3 e6 13.Be2 Bd6 14.O-O O-O 15.Rc1 Qh4
16.f4 Rfe8 17.g3 Qe7 18.Bf3 Rad8 19.Bf2 f6 20.Qb3 Bb4 21.Na2 Bf7 22.e5 Nb6
23.Nxb4 Qxb4 24.Qxb4 axb4 25.a5 Nd5 26.a6 bxa6 27.Rxc6 a5 28.Ra1 Ra8 29.f5 Rad8
30.Rxa5 Ne7 31.fxe6 Bh5 32.exf6 Nxc6 33.f7+ Bxf7 34.exf7+ Kxf7 35.Bxc6 Re2
36.Ra7+ Kg6 37.Bf3 Rxb2 38.Be4+ Kf6 39.Bxh7 b3 40.Rb7 Ra8 41.Rb6+ Ke7 42.Rb7+ Kf6
43.g4 Ra1+ 44.Kg2 Raa2 45.g5+ Kxg5 46.Rf7 g6 47.h4+ Kh5 48.Bg8 Ra8 49.Kg3 g5
50.Rh7+ Kg6 51.h5+ Kf5 52.Bd5 Rf8 53.Rb7 g4 54.Bxb3 Kg5 55.Be3+ Kf5 56.Bh6 Rh8
57.Be6+ Ke4 58.Rxb2 Rxh6 59.Bxg4  1-0

[Event "16th ch-Asian Cities Dubai Cup"]
[Site "Beirut LIB"]
[Date "2009.04.18"]
[Round "3"]
[White "Saud,M"]
[Black "Albonni,A"]
[Result "0-1"]
[WhiteElo "2135"]
[BlackElo "2202"]

1.d4 d5 2.c4 c6 3.Nf3 Nf6 4.Nc3 dxc4 5.a4 Bf5 6.e3 e6 7.Bxc4 Bb4 8.Qb3 a5
9.O-O Qe7 10.Ne5 O-O 11.f3 c5 12.e4 cxd4 13.Nb5 Bg6 14.Nxg6 hxg6 15.Nxd4 Nbd7
16.Be3 Rac8 17.Rfc1 Nh5 18.Nb5 Bc5 19.Bf1 Qg5 20.Bxc5 Nxc5 21.Qa3 Nb3 22.Rxc8 Qe3+
23.Kh1 Rxc8 24.Rd1 Rc5 25.Nc3 Ng3+  0-1

[Event "TCh-NED 2008-9"]
[Site "Netherlands NED"]
[Date "2009.04.18"]
[Round "8"]
[White "Wiersma,E"]
[Black "Cuijpers,F"]
[Result "1/2-1/2"]
[WhiteElo "2419"]
[BlackElo "2497"]

1.d4 d5 2.c4 c6 3.Nf3 Nf6 4.Nc3 dxc4 5.a4 Bf5 6.Ne5 Nbd7 7.Nxc4 Nb6 8.Ne5 a5
9.Bg5 Nfd7 10.Nd3 h6 11.Bh4 g5 12.Bg3 Bg7 13.e3 Rc8 14.h4 e6 15.f3 Bg6 16.Ne4 Bxe4
17.fxe4 e5 18.dxe5 Nc4 19.hxg5 Qxg5 20.Bf4 Qg6 21.Rh5 Qxe4 22.Qf3 Qg6 23.O-O-O b5
24.g3 f5 25.exf6 Nxf6 26.Re5+ Nxe5 27.Nxe5 Qe4 28.Qxe4 Nxe4 29.Bg2 Nf2 30.Rd6  1/2-1/2

[Event "11th Open St-Quentin en Yvelines"]
[Site "Elancourt FRA"]
[Date "2009.04.23"]
[Round "7"]
[White "Jolly,J"]
[Black "Sanchez,Joseph"]
[Result "0-1"]
[WhiteElo "2392"]
[BlackElo "2483"]

1.d4 d5 2.c4 c6 3.Nc3 Nf6 4.Nf3 dxc4 5.a4 Bf5 6.Ne5 Nbd7 7.Nxc4 Nb6 8.Ne5 a5
9.f3 Nfd7 10.Nxd7 Nxd7 11.e4 Bg6 12.d5 Qb6 13.Qe2 e5 14.Be3 Bc5 15.Kf2 O-O
16.Rc1 f5 17.exf5 Bxf5 18.dxc6 bxc6 19.Nd1 Bd4 20.Qc4+ Kh8 21.Qxc6 Qb4 22.Be2 Nf6
23.Rc4 Ne4+ 24.Qxe4 Bxe4 25.Rxb4 axb4 26.Bb5 Bc2  0-1

[Event "8th Open"]
[Site "Semriach AUT"]
[Date "2009.04.30"]
[Round "1"]
[White "Kragelj,I"]
[Black "Horvath,Maria AUT"]
[Result "1/2-1/2"]
[WhiteElo "2232"]
[BlackElo "2019"]

1.d4 d5 2.c4 c6 3.Nf3 Nf6 4.Nc3 dxc4 5.a4 Bf5 6.Ne5 e6 7.f3 Bb4 8.e4 Bxe4
9.fxe4 Nxe4 10.Bd2 Qxd4 11.Nxe4 Qxe4+ 12.Qe2 Bxd2+ 13.Kxd2 Qd5+ 14.Kc2 Na6
15.Nxc4 Nb4+ 16.Kb3 Qc5 17.Qe5 Nd5 18.Be2 O-O 19.Rhd1 b5 20.axb5 cxb5 21.Na3 Qb4+
22.Ka2 Rab8 23.Nc2 Qc5 24.Kb1 Rfc8 25.Bd3 b4 26.Qd4 Qc7 27.Rxa7 Rb7 28.Ra1 Rd8  1/2-1/2

[Event "FSFMA May"]
[Site "Budapest HUN"]
[Date "2009.05.04"]
[Round "3"]
[White "Probst,Alb"]
[Black "Mayer,I"]
[Result "0-1"]
[WhiteElo "2104"]
[BlackElo "2124"]

1.Nf3 d5 2.d4 Nf6 3.c4 dxc4 4.Nc3 c6 5.a4 Bf5 6.e3 e6 7.Bxc4 Nbd7 8.O-O Bd6
9.Qe2 Ne4 10.Bd3 Ndf6 11.Rd1 Qc7 12.h3 O-O 13.g4 Nxc3 14.bxc3 Be4 15.Ng5 Bxd3
16.Qxd3 e5 17.Ba3 Bxa3 18.Rxa3 Qe7 19.Rb3 e4 20.Qb1 Rab8 21.f3 exf3 22.e4 f2+
23.Kxf2 h6 24.Nf3 Nxe4+ 25.Kg2 f5 26.Ne5 Qh4 27.Rd3 fxg4 28.Nxg4 h5 29.Re3 hxg4
30.Qxe4 Qf2+ 31.Kh1 g3  0-1

[Event "84th ch-ARG Semifinal"]
[Site "La Plata ARG"]
[Date "2009.05.05"]
[Round "8"]
[White "Duarte,Le"]
[Black "Alonso,S"]
[Result "0-1"]
[WhiteElo "2341"]
[BlackElo "2441"]

1.d4 d5 2.c4 c6 3.Nc3 dxc4 4.a4 Nf6 5.Nf3 Bf5 6.Ne5 Nbd7 7.Nxc4 Qc7 8.g3 e5
9.dxe5 Nxe5 10.Bf4 Nfd7 11.Bg2 g5 12.Ne3 gxf4 13.Nxf5 O-O-O 14.Qc2 fxg3 15.hxg3 Bb4
16.O-O Nc5 17.a5 a6 18.Rfc1 Rhe8 19.Na2 Rd2 20.Qb1 Qxa5 21.Ng7 Re7 22.Qf5+ Kb8
23.Nc3 Qc7 24.Qf4 Rxb2 25.Nd1 Bd2 26.Qd4 Bxc1 27.Rxc1 Rb5  0-1

[Event "31st Banicky kahanec"]
[Site "Prievidza SVK"]
[Date "2009.05.05"]
[Round "4"]
[White "Babula,V"]
[Black "Miton,K"]
[Result "1/2-1/2"]
[WhiteElo "2584"]
[BlackElo "2596"]

1.d4 d5 2.c4 c6 3.Nf3 Nf6 4.Nc3 dxc4 5.a4 Bf5 6.Nh4 Bc8 7.e3 e5 8.Bxc4 exd4
9.exd4 Be7 10.O-O O-O 11.Re1 Na6 12.Nf3 Nb4 13.Ne5 Nfd5 14.a5 Be6 15.Qb3 Qc8
16.Bd2 b5 17.axb6 axb6 18.Rxa8 Qxa8 19.Ne4 b5 20.Bf1 Qa7 21.Bxb4 Nxb4 22.Qc3 Rc8
23.Nc5 Nd5 24.Qc2 Nb4 25.Qc3 Nd5 26.Qc2 Nb4 27.Qc3 Nd5  1/2-1/2

[Event "Copenhagen Chess Challenge"]
[Site "Ballerup DEN"]
[Date "2009.05.07"]
[Round "2"]
[White "Andersen,Ki"]
[Black "Holmsgaard,H"]
[Result "0-1"]
[WhiteElo "1914"]
[BlackElo "2330"]

1.d4 d5 2.c4 c6 3.Nf3 Nf6 4.Nc3 dxc4 5.a4 Bf5 6.Ne5 Nbd7 7.Nxc4 Nb6 8.Ne5 a5
9.Bg5 h6 10.Bh4 g5 11.Bg3 Bg7 12.f3 Nfd7 13.Nxd7 Nxd7 14.e4 Bg6 15.Bf2 Qb6
16.Qd2 Qb4 17.Be2 Rd8 18.Qe3 Nf8 19.Rd1 Ne6 20.d5 Nf4 21.O-O Qxb2 22.e5 Qxc3  0-1

[Event "Copenhagen Chess Challenge"]
[Site "Ballerup DEN"]
[Date "2009.05.07"]
[Round "3"]
[White "Pallesen,Ja"]
[Black "Hove,E"]
[Result "1-0"]
[WhiteElo "2030"]
[BlackElo "2294"]

1.d4 d5 2.Nf3 Nf6 3.c4 c6 4.Nc3 dxc4 5.a4 Bf5 6.Nh4 Bg4 7.h3 Bd7 8.e3 g5
9.Nf3 g4 10.Ne5 gxh3 11.Bxc4 e6 12.Rxh3 Bd6 13.Qf3 Bc8 14.e4 Bxe5 15.dxe5 Nfd7
16.Qh5 Nf8 17.Bg5 Qc7 18.O-O-O Nbd7 19.Rd6 Nb6 20.Rd8+ Qxd8 21.Bxd8 Nxc4
22.Qg5 Ng6 23.f4 Bd7 24.Bc7 f5 25.Qxg6+  1-0

[Event "Copenhagen Chess Challenge"]
[Site "Ballerup DEN"]
[Date "2009.05.09"]
[Round "6"]
[White "Akdag,D"]
[Black "Madsen,PH"]
[Result "0-1"]
[WhiteElo "2199"]
[BlackElo "2074"]

1.d4 d5 2.c4 c6 3.Nc3 Nf6 4.Nf3 dxc4 5.a4 Bf5 6.Ne5 Nbd7 7.Nxc4 Nb6 8.Ne5 a5
9.f3 Nfd7 10.Nxd7 Nxd7 11.e4 Bg6 12.Be3 Qb6 13.Qd2 e5 14.Rd1 O-O-O 15.dxe5 Bc5
16.Bg5 f6 17.exf6 Nxf6 18.Qc2 Rde8 19.g3 Kb8 20.Bd3 Bf7 21.Bf4+ Ka8 22.Rc1 Bd4
23.Kf1 Bb3 24.Qd2 h6 25.Re1 Rhf8 26.Kg2 g5 27.Be3 g4 28.f4 Rd8 29.Bb1 c5
30.Qf2 Qc6 31.Bxd4 cxd4 32.Nb5 Bxa4 33.Nxd4 Qb6 34.Nf5 Qb4 35.Re3 Rd2 36.Re2 Rfd8
37.Rhe1 Bd1 38.Rxd1 Rxd1 39.e5 Rxb1 40.exf6 Rxb2 41.f7 Rxe2 42.Qxe2 Rd2 43.f8=Q+ Qxf8
44.Qxd2 Qxf5 45.Qd4 h5 46.Qe5 Qxe5 47.fxe5 Kb8 48.Kf2 Kc7 49.Ke3 a4  0-1

[Event "Copenhagen Chess Challenge"]
[Site "Ballerup DEN"]
[Date "2009.05.09"]
[Round "6"]
[White "Schmidt,Tom DEN"]
[Black "Holmsgaard,H"]
[Result "0-1"]
[WhiteElo "2167"]
[BlackElo "2330"]

1.d4 d5 2.c4 c6 3.Nf3 Nf6 4.Nc3 dxc4 5.a4 Bf5 6.Ne5 Nbd7 7.Nxc4 Nb6 8.Ne5 a5
9.g3 e6 10.Bg2 Bb4 11.O-O O-O 12.e3 h6 13.Qe2 Bh7 14.Rd1 Qe7 15.e4 Rfd8 16.Nd3 Nfd7
17.Na2 Bd6 18.b3 e5 19.Bb2 exd4 20.Bxd4 c5 21.Bb2 c4 22.bxc4 Nxa4 23.Bd4 Ndc5
24.Nxc5 Bxc5 25.Bxc5 Qxc5 26.Qc2 b5 27.Rdc1 Rac8 28.Qb3 Rd2 29.Qf3 b4 30.Rd1 Rcd8
31.Rxd2 Rxd2 32.Rd1 Bxe4  0-1

[Event "Copenhagen Chess Challenge"]
[Site "Ballerup DEN"]
[Date "2009.05.10"]
[Round "8"]
[White "Hvenekilde,J"]
[Black "Pedersen,NicK"]
[Result "1/2-1/2"]
[WhiteElo "2184"]
[BlackElo "1971"]

1.d4 d5 2.Nf3 Nf6 3.c4 c6 4.Nc3 dxc4 5.a4 Bf5 6.e3 e6 7.Bxc4 Bb4 8.O-O O-O
9.Qe2 Ne4 10.Nxe4 Bxe4 11.Rd1 Nd7 12.Bd2 Qe7 13.Bc3 Rfd8 14.Ne1 Bxc3 15.bxc3 c5
16.f3 Bd5 17.Bxd5  1/2-1/2

[Event "Copenhagen Chess Challenge"]
[Site "Ballerup DEN"]
[Date "2009.05.10"]
[Round "9"]
[White "Pedersen,NicK"]
[Black "Hove,E"]
[Result "0-1"]
[WhiteElo "1971"]
[BlackElo "2294"]

1.d4 d5 2.Nf3 Nf6 3.c4 c6 4.Nc3 dxc4 5.a4 Bf5 6.Ne5 Nbd7 7.Nxc4 Nb6 8.Ne5 a5
9.g3 e6 10.Bg2 Bb4 11.O-O O-O 12.Re1 Nfd7 13.Nd3 Bxd3 14.Qxd3 e5 15.Be3 exd4
16.Bxd4 Nc5 17.Qd1 Nbxa4 18.Nxa4 Nxa4 19.Rxa4 Bxe1 20.Qxe1 b5 21.Bxg7 bxa4
22.Bxf8 Qxf8 23.Bxc6 Rc8 24.Bxa4 Qb4 25.Qxb4 Rc1+ 26.Kg2 axb4 27.h4 Ra1 28.b3 Rxa4
29.bxa4  0-1

[Event "TCh-NED 2008-9"]
[Site "Netherlands NED"]
[Date "2009.05.10"]
[Round "9"]
[White "Hoffmann,Micha1"]
[Black "Middelburg,T"]
[Result "1/2-1/2"]
[WhiteElo "2469"]
[BlackElo "2388"]

1.d4 d5 2.c4 c6 3.Nf3 Nf6 4.Nc3 dxc4 5.a4 Bf5 6.Ne5 Nbd7 7.Nxc4 Nb6 8.Ne5 a5
9.Bg5 h6 10.Bh4 g5 11.Bg3 Bg7 12.e3 Nbd5 13.Bd3 Bxd3 14.Nxd3 O-O 15.h4 Nxc3
16.bxc3 Qd5 17.f3 Qc4 18.Rc1 Nd5 19.Qd2 f6 20.hxg5 hxg5 21.e4 Nb6 22.Nb2 Qa2
23.Qc2 Nc4 24.Nxc4 Qxc4 25.Rb1 b5 26.Qb3 Qxb3 27.Rxb3 bxa4 28.Ra3 f5 29.Rxa4 fxe4
30.fxe4 c5 31.Ke2 cxd4 32.cxd4 Rfd8 33.Kd3 e5 34.d5 Rdb8 35.Rc1 Rb3+ 36.Rc3 Rb2
37.Rc2 Rb3+ 38.Rc3 Rb2 39.Rac4 Rxg2 40.Rc8+ Rxc8 41.Rxc8+ Kf7 42.Be1 Bf8
43.Bxa5 Rg3+ 44.Ke2 Rg4 45.Rc4 Bd6 46.Bc7 Bxc7 47.Rxc7+ Kf8 48.Kf3 Rf4+ 49.Ke3 Rf6
50.Rc6 Rxc6 51.dxc6 Ke7 52.Kf3 Kd6 53.Kg4 Kxc6 54.Kxg5 Kd6 55.Kf6 Kd7 56.Kxe5 Ke7  1/2-1/2

[Event "XXVIII Open"]
[Site "Zalakaros HUN"]
[Date "2009.05.11"]
[Round "4"]
[White "Istvanovszki,M"]
[Black "Kernazhitsky,L"]
[Result "0-1"]
[WhiteElo "2183"]
[BlackElo "2331"]

1.d4 d5 2.Nf3 Nf6 3.c4 c6 4.Nc3 dxc4 5.a4 Bf5 6.e3 e6 7.Bxc4 Nbd7 8.O-O Bb4
9.Qe2 Bg6 10.Rd1 O-O 11.Ne5 Nxe5 12.dxe5 Nd7 13.f4 Qe7 14.Na2 Bc5 15.b4 Bb6
16.a5 Bc7 17.Bd2 f6 18.Qg4 Rae8 19.exf6 Nxf6 20.Qh4 Kh8 21.Qg5 e5 22.f5 Bh5
23.Rf1 e4 24.g3 Be5 25.Rac1 Rd8 26.Be1 Bf3 27.Nc3 Qxb4 28.Nxe4 Qb2  0-1

[Event "82nd ch-St Petersburg"]
[Site "St Petersburg RUS"]
[Date "2009.05.12"]
[Round "5"]
[White "Smirnov,Arte"]
[Black "Matlakov,M"]
[Result "1-0"]
[WhiteElo "2454"]
[BlackElo "2533"]

1.d4 d5 2.c4 c6 3.Nf3 Nf6 4.Nc3 dxc4 5.a4 Bf5 6.e3 e6 7.Bxc4 Bb4 8.O-O Nbd7
9.Qe2 Bg4 10.h3 Bh5 11.e4 Bxf3 12.Qxf3 Nb6 13.Bb3 Qxd4 14.Rd1 Qe5 15.a5 Nbd7
16.a6 b5 17.Bf4 Qh5 18.g4 Qg6 19.e5 Nd5 20.Nxd5 exd5 21.Rac1 O-O 22.Bc2 Qe6
23.Bf5 Qe8 24.Qb3 Ba5 25.Rxc6 Nxe5 26.Rc5 g6 27.Rcxd5 Bc7 28.Qc3 gxf5 29.Bxe5 Bxe5
30.Rxe5 Qc8 31.Rxf5 Qxc3 32.bxc3 Rac8 33.Rd7 Rxc3 34.Rg5+ Kh8 35.Rxb5 Rxh3
36.Rxa7 Ra3 37.Kg2 Kg7 38.f3 Kg6 39.Rb6+ Kg7 40.Rc7 h6 41.a7 Ra8 42.Rbb7 Rf8
43.Kg3 Ra4 44.Kf2 Ra3 45.Ke2 Re8+ 46.Kd2 Rf8 47.Kc2 Ra2+ 48.Kb3 Ra1 49.Rb4 Rf1
50.Ka2 Rf2+ 51.Rb2 Rxb2+ 52.Kxb2 Kg6 53.Kc3 f5 54.Rc6+ Kg5 55.Rc5  1-0

[Event "XXVIII Open"]
[Site "Zalakaros HUN"]
[Date "2009.05.16"]
[Round "9"]
[White "Horvath,P1"]
[Black "Kernazhitsky,L"]
[Result "1-0"]
[WhiteElo "2445"]
[BlackElo "2331"]

1.d4 d5 2.c4 c6 3.Nf3 Nf6 4.Nc3 dxc4 5.a4 Bf5 6.Ne5 e6 7.f3 c5 8.dxc5 Qxd1+
9.Kxd1 Nfd7 10.Nxd7 Nxd7 11.e4 Bg6 12.c6 bxc6 13.Bxc4 a5 14.Kc2 Bc5 15.Bd2 Ke7
16.Ne2 Ne5 17.Bb3 f6 18.Bc3 Bb4 19.Bxb4+ axb4 20.Nf4 Bf7 21.Nd3 Nxd3 22.Kxd3 Rhd8+
23.Ke3 Ra5 24.Rhd1 Rc8 25.Bc4 Rc7 26.b3 Be8 27.Rd2 Rd7 28.Rad1 Rxd2 29.Rxd2 g5
30.Rd4 Rc5 31.Bd3 Rc1 32.Rxb4 Ra1 33.Rb7+ Bd7 34.Bc4 h5 35.g3 h4 36.gxh4 gxh4
37.Rb8 Rh1 38.a5 Rxh2 39.a6 Ra2 40.Rh8 Kd6 41.f4 c5 42.Rxh4 Bc8 43.Rh6 Bxa6
44.e5+ Ke7 45.Rh7+ Kf8 46.Ra7 Bxc4 47.Rxa2 Bxb3 48.Ra5 fxe5 49.fxe5 c4 50.Kd4 Kf7
51.Ra7+ Ke8 52.Kc5 Kf8 53.Rc7 c3 54.Kb4  1-0

[Event "BHTelecom Open"]
[Site "Sarajevo BIH"]
[Date "2009.05.17"]
[Round "8"]
[White "Pavlovic,Milos"]
[Black "Iotov,V"]
[Result "1/2-1/2"]
[WhiteElo "2511"]
[BlackElo "2581"]

1.d4 d5 2.c4 c6 3.Nf3 Nf6 4.Nc3 dxc4 5.a4 Bf5 6.e3 e6 7.Bxc4 Bb4 8.O-O Nbd7
9.Qe2 Bg6 10.e4 O-O 11.Bd3 h6 12.Rd1 Re8 13.h3 Rc8 14.e5 Bxd3 15.Rxd3 Nd5
16.Nxd5 cxd5 17.Rb3 Rc4 18.Be3 Qa5 19.Ne1 Bxe1 20.Rxb7 Nb6 21.Bxh6 Bd2 22.Qxd2 Qxd2
23.Bxd2 Rxd4 24.Be3 Rxa4 25.Rxa4 Nxa4 26.Bxa7 Rc8 27.b4 Rc1+ 28.Kh2 Rc4 29.b5 Rb4
30.b6 d4 31.Rd7 Nxb6 32.Bxb6 Rxb6 33.Rxd4 g6 34.h4 Kg7 35.g4 Rb5 36.Re4 Rd5
37.Kg3 Rd1 38.Ra4 Rh1 39.Ra7 Kg8 40.f3 Kg7 41.Rb7 Rg1+ 42.Kf4 Rh1 43.Kg5 Re1
44.f4 Rg1 45.h5 gxh5 46.Kxh5 Rh1+ 47.Kg5 Re1 48.Rb5 Rg1 49.Ra5 Rg2 50.Ra1 Re2
51.Rh1 Re3 52.Rh6 Re1 53.Rf6 Rh1 54.f5 Re1  1/2-1/2

[Event "18th CRO-Cup"]
[Site "Sibenik CRO"]
[Date "2009.05.23"]
[Round "4"]
[White "Kuljasevic,D"]
[Black "Rogic,D"]
[Result "1-0"]
[WhiteElo "2536"]
[BlackElo "2523"]

1.d4 d5 2.c4 c6 3.Nf3 Nf6 4.Nc3 dxc4 5.a4 Bf5 6.Ne5 Nbd7 7.Nxc4 Nb6 8.Ne5 a5
9.g3 e6 10.Bg2 Bb4 11.O-O O-O 12.e3 h6 13.Qe2 Bh7 14.Rd1 Nfd7 15.Nd3 Bxd3
16.Qxd3 e5 17.d5 Rc8 18.dxc6 bxc6 19.Na2 Be7 20.Qc2 Qc7 21.Bd2 Qa7 22.b4 axb4
23.Nxb4 Nb8 24.a5 N6d7 25.Qc4 Rfd8 26.Bc3 Bc5 27.Bh3 Bf8 28.Rd2 Re8 29.Rad1 Rc7
30.Bf5 Nf6 31.Nd3 Nbd7 32.Bxd7 Nxd7 33.Nb4 Nf6 34.Rd8 Rc8 35.Rxc8 Rxc8 36.Nd3 Nd7
37.Rb1 Bd6 38.h4 Rc7 39.Rd1 Rc8 40.Qg4 Qc7 41.Nb2 Nf6 42.Qf5 Nd5 43.Nc4 Ra8
44.Bb2 Bb4 45.Bxe5 Qe7 46.Qg4 Nf6 47.Bxf6 Qxf6 48.Qd7 Bxa5 49.Rd6 Qa1+ 50.Kg2 c5
51.Rd1 Qa2 52.Qc6 Bb4 53.Rd7 Rf8 54.Ne5 Be1 55.Nd3 Bb4 56.Qe4 Qa8 57.Rb7 Rb8
58.Rxb8+ Qxb8 59.Qd5 Qc8 60.Ne5 Qe8 61.h5 Qe7 62.Kf1 Qe8 63.Ke2 Qb5+ 64.Kf3 Qe8
65.g4 Qe7 66.Qa8+ Kh7 67.Qe4+ Kg8 68.Nc6 Qd7 69.Ne7+ Kf8 70.Nf5 Bc3 71.Qa8+ Qe8
72.Qd5 Bb4 73.Nd6 Qd7 74.Qa8+ Ke7 75.Nf5+ Kf6 76.Qa1+ Ke6 77.Nxg7+ Kd5 78.Nf5 Kc4
79.Qa6+ Kb3 80.Nd6 Qe6 81.Qd3+ Ka4 82.Nc4 Kb5 83.Nd6+ Ka4 84.Kg3 Qe5+ 85.f4 Qb2
86.Qb5+  1-0

[Event "Subic Open"]
[Site "Subic PHI"]
[Date "2009.05.26"]
[Round "2"]
[White "Dao Thien Hai"]
[Black "Tirto"]
[Result "1/2-1/2"]
[WhiteElo "2546"]
[BlackElo "2417"]

1.d4 d5 2.c4 c6 3.Nf3 Nf6 4.Nc3 dxc4 5.a4 Bf5 6.Ne5 e6 7.g3 Nbd7 8.Nxc4 a5
9.Bg2 Nb6 10.Ne5 h6 11.O-O Bb4 12.e3 O-O 13.Qe2 Nfd7 14.Nxd7 Qxd7 15.Rd1 Qe7
16.e4 Bh7 17.Be3 Nd7 18.Rac1 Nf6 19.f3 Nd7 20.Bf2 Rfe8 21.Qc2 Rab8 22.Qb3 Rec8
23.h3 Kh8 24.Na2 Bd6 25.f4 f5 26.Nc3 fxe4 27.Nxe4 Bb4 28.Be1 Nb6 29.Nc5 Nd5
30.Bxd5 exd5 31.Bxb4 axb4 32.Re1 Qf7 33.Re5 Re8 34.Rce1 Rxe5 35.dxe5 b6 36.Na6 Rc8
37.Nxb4 Qh5 38.Nd3 Qf3 39.Nc1 Qh5 40.g4 Qh4 41.Rf1 h5 42.g5 Bf5 43.Kh2 d4
44.Qf3 c5 45.Nb3 d3 46.Nd2 Rd8 47.b3 Rd4 48.Qe3 Kg8 49.Qg3 Qxg3+ 50.Kxg3 Kf7
51.Ra1 Rb4 52.a5 bxa5 53.Rxa5 c4 54.bxc4 Rb2 55.Nf3 h4+ 56.Nxh4 d2 57.Rd5 Rb3+
58.Nf3 Be4 59.Rxd2 Rxf3+ 60.Kg4 g6 61.Re2 Bc6 62.e6+ Ke7 63.Re5  1/2-1/2

[Event "Subic Open"]
[Site "Subic PHI"]
[Date "2009.05.28"]
[Round "5"]
[White "Sadorra,J"]
[Black "Nguyen Ngoc Truong Son"]
[Result "0-1"]
[WhiteElo "2451"]
[BlackElo "2588"]

1.d4 d5 2.c4 c6 3.Nf3 Nf6 4.Nc3 dxc4 5.a4 Bf5 6.Ne5 e6 7.f3 Bb4 8.g4 Nd5
9.Qd2 Qh4+ 10.Kd1 Bg6 11.e4 Nb6 12.a5 N6d7 13.Nxg6 hxg6 14.Bxc4 O-O 15.Qf4 b5
16.Bb3 e5 17.dxe5 Nc5 18.Bc2 Rd8+ 19.Bd2 Qf2 20.Kc1 Rd3 21.Be1 Qg2 22.Qg3 Qxh1
23.Bxd3 Nxd3+ 24.Kc2 Qf1  0-1

[Event "Copper State Int"]
[Site "Mesa USA"]
[Date "2009.05.31"]
[Round "4"]
[White "Adelberg,D"]
[Black "Pruess,D"]
[Result "1/2-1/2"]
[WhiteElo "2158"]
[BlackElo "2400"]

1.d4 d5 2.c4 c6 3.Nc3 Nf6 4.Nf3 dxc4 5.a4 Bf5 6.e3 e6 7.Bxc4 Nbd7 8.O-O Bb4
9.Qe2 O-O 10.Rd1 Qe7 11.Nh4 Bg4 12.f3 Nd5 13.Qe1 Bh5 14.g4 Bg6 15.e4 N5b6
16.Bb3 e5 17.Be3 exd4 18.Bxd4 Bc5 19.a5 Bxd4+ 20.Rxd4 Nc5 21.Ba2 Nbd7 22.f4 Ne6
23.Rxd7 Qxd7 24.f5 Nd4 25.Qg3 Qe7 26.Kh1 Qg5 27.Nf3 Nxf3 28.Qxf3 Rad8 29.Rf1 Rde8
30.fxg6 Qxg6 31.Qf5 Qxf5 32.Rxf5 Re7 33.a6 b6 34.Rf2 Rd8 35.e5 Rdd7 36.Rxf7 Rxf7
37.e6 Kf8 38.exf7 Rd2 39.Ne4 Rxb2 40.Be6 h6 41.Nd6 b5 42.Nc8 Re2 43.Bd7 b4
44.Nxa7 b3 45.Bf5 b2 46.Nxc6 b1=Q+ 47.Bxb1 Re1+ 48.Kg2 Rxb1 49.Ne5 Ra1 50.Kf3 Rxa6
51.h4 g6 52.h5 gxh5 53.gxh5 Kg7 54.Kf4 Rf6+ 55.Ke4 Rf1 56.Kd5 Rf6 57.Ke4 Rd6
58.Kf5 Ra6 59.Ke4 Kf8 60.Kf5 Ke7 61.Ke4 Re6 62.Kd5 Ra6 63.Ke4 Ra1 64.Kf5 Ra5
65.Kf4 Ra1 66.Kf5 Rg1 67.Ng4 Kxf7 68.Nxh6+ Kg7 69.Ng4 Ra1 70.Kg5 Ra5+ 71.Kh4 Rf5
72.Ne3 Ra5 73.Kg4 Kf6 74.Ng2 Ra4+ 75.Kf3 Kg5 76.Ke3 Kxh5 77.Nf4+ Kg4 78.Ne2 Ra3+
79.Ke4 Ra8 80.Nd4 Re8+ 81.Kd5 Re1 82.Nc2 Re7 83.Nd4 Kf4 84.Ne6+ Kf5 85.Nd4+ Kf6
86.Nf3 Re3 87.Nd4 Re5+ 88.Kc4 Rh5 89.Kd3 Ke5 90.Nf3+ Kf4 91.Nd4 Rd5 92.Kc4 Rd7
93.Nb3 Ke5 94.Kc3 Rc7+ 95.Kd3 Kd5 96.Nd2 Rh7 97.Ke3 Rh4 98.Nf3 Re4+ 99.Kd3 Re8
100.Nd2 Ra8 101.Ke3 Ra3+ 102.Kf4 Ra4+ 103.Ke3 Ra8 104.Nf3 Re8+ 105.Kd3 Re7
106.Nd2 Rh7 107.Ke3 Rh3+ 108.Kf4 Rd3 109.Nf3 Ra3 110.Nd2 Ke6 111.Ke4 Ra4+
112.Ke3 Kd5 113.Nf3  1/2-1/2

[Event "Copper State Int"]
[Site "Mesa USA"]
[Date "2009.06.03"]
[Round "10"]
[White "Sarkar,J"]
[Black "Mueller,Jas"]
[Result "1-0"]
[WhiteElo "2410"]
[BlackElo "2174"]

1.d4 d5 2.c4 c6 3.Nf3 Nf6 4.Nc3 dxc4 5.a4 Bf5 6.Ne5 e6 7.f3 Bb4 8.e4 Bxe4
9.fxe4 Nxe4 10.Bd2 Qxd4 11.Nxe4 Qxe4+ 12.Qe2 Bxd2+ 13.Kxd2 Qd5+ 14.Kc2 Na6
15.Nxc4 O-O 16.Qe5 Rfd8 17.Be2 f6 18.Qxd5 cxd5 19.Na5 Rd7 20.Bxa6 bxa6 21.b4 e5
22.Rhc1 d4 23.Kd2 e4 24.Rc6 Re8 25.Re1 d3 26.Nc4 f5 27.g3 g5 28.Rc5 Rd4 29.Kc3 d2
30.Nxd2 Rd3+ 31.Kc2 Ra3 32.Rxf5 Ra2+ 33.Kc3 e3 34.Rxg5+ Kh8 35.Nc4 Rxh2 36.Rxe3  1-0

[Event "FSIMB June"]
[Site "Budapest HUN"]
[Date "2009.06.07"]
[Round "2"]
[White "Petran,Pa"]
[Black "Poetz,F"]
[Result "0-1"]
[WhiteElo "2361"]
[BlackElo "2231"]

1.d4 d5 2.c4 c6 3.Nf3 Nf6 4.Nc3 dxc4 5.a4 Bf5 6.Ne5 Nbd7 7.Nxc4 Qc7 8.g3 e5
9.dxe5 Nxe5 10.Bf4 Nfd7 11.Bg2 g5 12.Ne3 gxf4 13.Nxf5 O-O-O 14.O-O fxg3 15.hxg3 Kb8
16.Qc2 h5 17.Ne4 a5 18.Rfd1 Bb4 19.Rd4 Ng6 20.Rxb4 axb4 21.a5 h4 22.a6 b6
23.a7+ Ka8 24.Ned6 Nc5 25.Nb5 Qd7 26.Nbd4 Rc8 27.Rd1 Rhd8 28.Rd2 Nb7 29.Nb3 Qc7
30.Nbd4 hxg3 31.Nxg3 Ne7 32.Qc4 Nd5 33.Nxc6 Ne3 34.fxe3 Rxd2 35.Qxb4  0-1

[Event "1st SCS GM Open"]
[Site "Bhubaneswar IND"]
[Date "2009.06.08"]
[Round "2"]
[White "Lalith,B"]
[Black "Dahale,A"]
[Result "1-0"]
[WhiteElo "2480"]
[BlackElo "2116"]

1.Nf3 d5 2.d4 Nf6 3.c4 c6 4.Nc3 dxc4 5.a4 Bf5 6.Nh4 Bg6 7.Nxg6 hxg6 8.e3 e6
9.Bxc4 Bb4 10.Qb3 a5 11.h3 Nbd7 12.Bd2 O-O 13.O-O c5 14.Rfd1 cxd4 15.exd4 Nb6
16.Be2 Nbd5 17.Bf3 Qd7 18.Bg5 Rac8 19.Rac1 Rfe8 20.Rc2 Nb6 21.Be2 Qd6 22.Bf3 Nfd5
23.Bd2 Qd7 24.Be2 Qe7 25.Rdc1 Red8 26.Nxd5 exd5 27.Bxb4 Qxb4 28.Qxb4 axb4
29.a5 Rxc2 30.Rxc2 Rc8 31.Rc5 Rxc5 32.dxc5 Nc8 33.a6 bxa6 34.Bxa6 Na7 35.Bb7 d4
36.Kf1 Kf8 37.Ke2 Ke7 38.Kd3 Nb5 39.Kc4 Nc7 40.Kxd4 Kd7 41.Kc4  1-0

[Event "TCh-BUL"]
[Site "Sunny Beach BUL"]
[Date "2009.06.10"]
[Round "3"]
[White "Enchev,I"]
[Black "Yordanov,Nikolay1"]
[Result "1-0"]
[WhiteElo "2370"]
[BlackElo "2255"]

1.d4 d5 2.c4 c6 3.Nc3 Nf6 4.Nf3 dxc4 5.a4 Bf5 6.e3 e6 7.Bxc4 Nbd7 8.O-O Bb4
9.Qe2 O-O 10.e4 Bg6 11.Bd3 h6 12.Rd1 Re8 13.Bf4 Qa5 14.Na2 Be7 15.b4 Qh5
16.a5 Rac8 17.h3 Nh7 18.Qe3 Ng5 19.Nh2 Bh7 20.Bg3 f5 21.e5 Ne4 22.Bxe4 fxe4
23.Qb3 Nf8 24.Re1 Red8 25.Rad1 Rd7 26.Nc3 Qf5 27.Nxe4 Qxe4 28.Rxe4 Bxe4 29.f3 Bd5
30.Qc3 Rb8 31.Ng4 b6 32.a6 Rc8 33.Ne3 Rdc7 34.Bf2 Bg5 35.Nc4 Ng6 36.g3 Rf8
37.f4 Bxf4 38.gxf4 Nxf4 39.Rd2 Nxh3+ 40.Qxh3 Bxc4 41.Rc2 Bd5 42.b5 Rcf7 43.bxc6 Rf3
44.Qh4 Ra3 45.Rc1 Rxa6 46.c7 Bb7 47.d5 exd5 48.e6 b5 49.Qe7 Rf6 50.c8=Q+ Bxc8
51.Rxc8+ Kh7 52.Qxf6 gxf6 53.e7  1-0